000 01192nam a22003377a 4500
003 CHAP
005 20220329135632.0
008 971013s1994 r 00010 d
010 _a39695
011 _a40667
035 _a44793
040 _cCHAP
090 _aTesis
100 0 0 _aPérez Rincón, Gabriel.
_989967
245 _aControl de la maleza empleando atrazina sola y en mezcla con metolaclor en maíz (Zea mays L.) en Chapingo, México
260 _aChapingo, Méx. :
_bEl autor,
_c1994
300 _a25 h.
502 _aTesis (Ing. Agr. Esp. en Parasitología Agrícola) -- UACH. Departamento de Parasitología Agrícola
590 _aALEPH
_b10
_c20130110
_lUCH01
_h1308
590 _aBATCH-UPD
_b10
_c20130110
_lUCH01
_h0910
590 _aBATCH-UPD
_b10
_c20130410
_lUCH01
_h0535
590 _aBATCH-UPD
_b10
_c20130914
_lUCH01
_h1607
590 _aCONVERSION
_b10
_c20130109
_lUCH01
_h1322
650 1 4 _aHerbicidas.
_953691
650 1 4 _aMaíz
_xMalas hierbas
_xControl.
_971003
650 1 4 _aMaíz
_zMéxico (Edo.).
_971099
901 _aBK
942 _cFOLL
949 _bBC
_cTES
_d-102617
_eTS1
_h27843
_i44793
_si
949 _bBC
_cTES
_d33724000006540
_eTS2
_fc.2
_h27844
_i44793
_si
999 _c39695
_d39695